00278nam a2200109Ia 4500008004100000041000800041082001400049100001800063245003900081260002900120300001900149241028s9999 xx 000 0 und d aeng a332.4 WAR aWarren, Micah aBitcoin: A Game-Theoretic Analysis bDe GruyteraBostonc2023 a328;. P. 24 Cm